| 000 | 00439nam a2200121Ia 4500 | ||
|---|---|---|---|
| 008 | 220615s9999||||xx |||||||||||||| ||und|| | ||
| 245 | 0 | _aVisual Object Tracking with Deep Neural Networks | |
| 546 | _aEnglish[eng] | ||
| 650 | _aNeural networks & fuzzy systems | ||
| 700 | _aLuigi Mazzeo, Pier||Ramakrishnan, Srinivasan||Spagnolo, Paolo | ||
| 856 | _uhttps://mts.intechopen.com/storage/books/8725/authors_book/authors_book.pdf | ||
| 942 | _cEB | ||
| 999 |
_c14074 _d14074 |
||